MARC

LEADER 00000nam0a2200000 4500
001 283620
005 20231031233433.0
035 |a (RuTPU)RU\TPU\book\307743 
090 |a 283620 
100 |a 20150209d1984 k y0rusy5003 ca 
101 0 |a rus 
102 |a RU 
105 |a a z 001zy 
200 1 |a Автоматизация и связь в горном деле  |e сборник научных трудов  |f Академия наук СССР (АН СССР), Сибирское отделение (СО), Институт горного дела (ИГД) ; под ред. Э. Г. Чайковского 
210 |a Новосибирск  |c Изд-во ИГД  |d 1984 
215 |a 115 с.  |c ил. 
320 |a Библиогр. в конце ст. 
606 1 |a Горные работы  |x Автоматизация  |2 stltpush  |3 (RuTPU)RU\TPU\subj\8258 
610 1 |a связь 
610 1 |a технология 
610 1 |a механизация 
610 1 |a управление 
610 1 |a датчики 
610 1 |a горные машины 
610 1 |a технологические процессы 
675 |a 622.272  |z rus  |v 4 
702 1 |a Чайковский  |b Э. Г.  |g Эрнест Гиляриевич  |4 340 
712 0 2 |a Академия наук СССР (АН СССР)  |b Сибирское отделение (СО)  |b Институт горного дела (ИГД)  |c (Новосибирск)  |2 stltpush  |3 (RuTPU)RU\TPU\col\11352 
801 0 |a RU  |b RuMRKP  |c 19960705  |g psbo 
801 1 |a RU  |b 63413507  |c 20150209 
801 2 |a RU  |b 63413507  |c 20170503  |g RCR 
942 |c BK